La sécurité auf féminin: briser le plafond de verre

Guardado en:  
Detalles Bibliográficos
Otros Autores: Authié, Alexandra (Editor) ; Baudrier, Louise-Anne (Editor) ; Dieu, François (Editor) ; Latour, Xavier 1970- (Editor) ; Palacio, Manuel (Editor)
Tipo de documento: Print Libro
Lenguaje:Francés
Publicado: Paris IHEMI [2024]
En: Cahiers de la sécurité et de la justice (no 59)
Año: 2024
Acceso en línea: Índice
Índice
Disponibilidad en Tübingen:Disponible en Tübingen.
UB: ZB 5213-59
Verificar disponibilidad: HBZ Gateway
Servicio de pedido Subito: Pedir ahora.
Palabras clave:

MARC

LEADER 00000cam a2200000 c 4500
001 1883933145
003 DE-627
005 20260206155744.0
007 tu
008 240320s2024 xx ||||| 00| ||fre c
020 |a 9782111740013  |9 978-2-11-174001-3 
035 |a (DE-627)1883933145 
035 |a (DE-603)516674358 
035 |a (DE-599)KXP1883933145 
035 |a (OCoLC)1427382990 
035 |a (OCoLC)1428028125 
040 |a DE-627  |b ger  |c DE-627  |e rda 
041 |a fre 
084 |a 2,1  |2 ssgn 
084 |a MA 1000  |2 rvk  |0 (DE-625)rvk/122259: 
245 0 3 |a La sécurité auf féminin  |b briser le plafond de verre  |c coordonné par Alexandra Authié, Louise-Anne Baudrier, François Dieu, Xavier Latour et Manuel Palacio 
264 1 |a Paris  |b IHEMI  |c [2024] 
300 |a 296 Seiten  |b Illustrationen 
336 |a Text  |b txt  |2 rdacontent 
337 |a ohne Hilfsmittel zu benutzen  |b n  |2 rdamedia 
338 |a Band  |b nc  |2 rdacarrier 
490 1 |a Cahiers de la sécurité et de la justice  |v no 59 
583 1 |a Archivierung/Langzeitarchivierung gewährleistet  |f SLG  |z Frankreichforschung  |2 pdager  |5 DE-77 
650 0 7 |0 (DE-588)4021216-6  |0 (DE-627)106314955  |0 (DE-576)208936831  |a Gleichberechtigung  |2 gnd 
650 0 7 |0 (DE-588)4005857-8  |0 (DE-627)104509716  |0 (DE-576)208863478  |a Beruf  |2 gnd 
650 0 7 |0 (DE-588)4113623-8  |0 (DE-627)10582805X  |0 (DE-576)209478012  |a Frauenpolitik  |2 gnd 
650 0 7 |0 (DE-588)4155235-0  |0 (DE-627)105517305  |0 (DE-576)209817283  |a Frauenkriminalität  |2 gnd 
655 7 |a Aufsatzsammlung  |0 (DE-588)4143413-4  |0 (DE-627)105605727  |0 (DE-576)209726091  |2 gnd-content 
700 1 |a Authié, Alexandra  |e HerausgeberIn  |4 edt 
700 1 |a Baudrier, Louise-Anne  |e HerausgeberIn  |4 edt 
700 1 |a Dieu, François  |e HerausgeberIn  |0 (DE-588)139187235  |0 (DE-627)703239589  |0 (DE-576)172227534  |4 edt 
700 1 |a Latour, Xavier  |d 1970-  |e HerausgeberIn  |0 (DE-588)1205344306  |0 (DE-627)1690940700  |4 edt 
700 1 |a Palacio, Manuel  |e HerausgeberIn  |4 edt 
830 0 |a Cahiers de la sécurité et de la justice  |v no 59  |9 2024,59  |w (DE-627)79783558X  |w (DE-576)415036593  |w (DE-600)2786036-X  |x 1774-475X  |7 am 
856 4 2 |u https://swbplus.bsz-bw.de/bsz1883933145inh.htm  |m V:DE-576  |m B:DE-21  |v 20240329193725  |3 Inhaltsverzeichnis  |7 1 
856 4 2 |u https://swbplus.bsz-bw.de/cgi-bin/result_katan.pl?item=bsz1883933145inh.htm  |3 Inhaltsverzeichnis  |7 1 
935 |a MZFRA 
936 r v |a MA 1000  |b Zeitschriften  |k Politologie  |k Zeitschriften  |0 (DE-627)1271576767  |0 (DE-625)rvk/122259:  |0 (DE-576)201576767 
936 s n |a m100  |2 mzub 
951 |a BO 
ELC |b 1 
LOK |0 000 xxxxxcx a22 zn 4500 
LOK |0 001 4502299367 
LOK |0 003 DE-627 
LOK |0 004 1883933145 
LOK |0 005 20240320172032 
LOK |0 008 240320||||||||||||||||ger||||||| 
LOK |0 040   |a DE-21  |c DE-627  |d DE-21 
LOK |0 852   |a DE-21 
LOK |0 852 1  |c ZB 5213-59  |9 00 
LOK |0 935   |a krim 
LOK |0 938   |a 2403  |f 34 
LOK |0 939   |a 20-03-24  |b l01 
LOK |0 000 xxxxxcx a22 zn 4500 
LOK |0 001 4506816226 
LOK |0 003 DE-627 
LOK |0 004 1883933145 
LOK |0 005 20240403121358 
LOK |0 008 240403||||||||||||||||ger||||||| 
LOK |0 040   |a DE-Frei85  |c DE-627  |d DE-Frei85 
LOK |0 852   |a DE-Frei85 
LOK |0 852 1  |m p  |9 00 
LOK |0 938   |k p 
LOK |0 939   |a 03-04-24  |b l01 
ORI |a SA-MARC-krimdoka001.raw 
SIG |a UB: ZB 5213-59